00237nam a22000857a 4500008004100000082002100041245002800062260005200090300000900142230620b xxu||||| |||| 00| 0 eng d a322.42bNDJ 1991 aRevolution and Creation aKoreabForeign Languages Publishing Housec1991 a231p